| 000 | 04471nam a22005177a 4500 | ||
|---|---|---|---|
| 005 | 20110124123416.0 | ||
| 010 | _aENG-101940 B-464613-632 | ||
| 020 |
_a9788184001808 _c299.00 |
||
| 035 | _aEN-85473 B-464613-632 | ||
| 037 | _bDBAD/PUB | ||
| 037 | _bRBC/Ven | ||
| 082 | _a954 | ||
| 245 |
_aGreat speeches of modern India / _cedited by Rudrangshu Mukherjee |
||
| 260 |
_aNoida _bRandom House Publishers _c2011 |
||
| 270 |
_aMindMill Corporate Tower, 2nd Floor, Plot No. 24 A, Sector 16 A, _bNoida _e201301 |
||
| 300 |
_a500p. _c20cm (pbk) |
||
| 650 |
_aSpeeches, addresses, etc., Indic (English) _948148 |
||
| 650 |
_aIndia _xPolitics and government _y19th century. _948149 |
||
| 650 |
_aIndia _x Politics and government _y20th century _948150 |
||
| 650 |
_aIndia _xCivilization _y19th century _948151 |
||
| 650 |
_aIndia _xCivilization _y20th century. _948152 |
||
| 700 |
_aMukherjee, Rudrangshu _925496 |
||
| 942 |
_2ddc _cEN _h954 _mGRE |
||
| 999 |
_c50028 _d50028 |
||